5 Highest rated EA FC 25 players from these EPL Teams - Statistics

General Stats
  • This quiz has been taken 64 times
  • The average score is 25 of 30
Answer Stats
Hint Rating Position % Correct
2. 89 GK Alisson
100%
3. 89 RW Salah
100%
2. 87 CB Saliba
100%
3. 87 RW Saka
100%
5. 86 RB Alexander-Arnold
98%
2. 91 ST Haaland
98%
4. 87 DM Rice
98%
1. 89 CB Van Dijk
98%
1. 89 AM Ødegaard
94%
3. 90 CM De Bruyne
92%
5. 88 CB Dias
92%
1. 85 AM Palmer
92%
1. 91 DM Rodri
92%
4. 88 RW Foden
91%
1. 87 LW Son
91%
5. 86 CB Gabriel
89%
4. 86 CM Mac Allister
87%
5. 83 GK Onana
85%
1. 87 AM Fernandes
83%
3. 82 DM Caicedo
74%
2. 85 AM Maddison
74%
5. 82 LB Cucurella
72%
4. 84 CB Martínez
72%
3. 84 CB Romero
70%
4. 84 GK Vicario
70%
3. 84 CB De Ligt
68%
5. 83 RB Porro
68%
2. 84 DM Casemiro
66%
4. 82 LM Sancho
58%
2. 84 AM Nkunku
45%
No matching quizzes found
Score Distribution
Percent of People with Each Score
Percentile by Number Answered
Your Score History
You have not taken this quiz